[Event "Paracin op-A 15th"]
[Site "Paracin"]
[Date "2022.07.11"]
[Round "4"]
[White "Konyves, Almos"]
[Black "Al Atarji, Sami"]
[Result "1/2-1/2"]
[WhiteElo "2229"]
[BlackElo "2128"]
[PlyCount "130"]
[EventDate "2022.07.08"]
[EventType "swiss"]
[EventRounds "9"]
[EventCountry "SRB"]
[SourceTitle "CBM 209 Extra"]
[Source "ChessBase"]
[SourceDate "2022.09.30"]
[SourceVersion "1"]
[SourceVersionDate "2022.09.30"]
[SourceQuality "1"]

1. e4 c5 2. Nf3 Nc6 3. d4 cxd4 4. Nxd4 g6 5. c4 Nf6 6. Nc3 d6 7. Be2 Nxd4 8. Qxd4 Bg7 9. Be3 0-0 10. Qd2 a5 11. 0-0 a4 12. Rab1 Qa5 13. b4 axb3 14. axb3 Qb4 15. Qc2 Bd7 16. Bd2 Qc5 17. b4 Qc7 18. Bg5 Rfc8 19. Rfe1 Qd8 20. f3 Be6 21. Nb5 b6 22. Be3 Bd7 23. Nd4 e5 24. Nb3 d5 25. c5 d4 26. Bg5 Ba4 27. Bc4 bxc5 28. bxc5 h6 29. Bh4 g5 30. Bg3 Nd7 31. Bd5 Rxc5 32. Qa2 Bc6 33. Nxc5 Rxa2 34. Bxa2 Qa5 35. Nxd7 Bxd7 36. Bc4 Bf8 37. Ra1 Qb6 38. Bxe5 Bg7 39. Bxg7 Kxg7 40. Bd3 Be6 41. Rab1 Qa5 42. Red1 Qa4 43. Bf1 Qa3 44. Rd3 Qc5 45. Rbd1 Kf6 46. Rxd4 Ke5 47. g3 Qxd4+ 48. Rxd4 Kxd4 49. Kf2 h5 50. h4 g4 51. fxg4 Bxg4 52. Bg2 f5 53. exf5 Bxf5 54. Bc6 Bg6 55. Kf3 Ke5 56. Ke3 Bf7 57. Bf3 Bg6 58. Be2 Bf7 59. Bd1 Bg6 60. Bf3 Bf7 61. Kd3 Bg6+ 62. Kc4 Kf6 63. Kd5 Kg7 64. Ke6 Kh6 65. Kf6 Bd3 1/2-1/2

[Event "SRB-chT 1st League"]
[Site "Bajina Basta"]
[Date "2019.09.17"]
[Round "6.24"]
[White "Al Atarji, Sami"]
[Black "Cirakovic, Ivan"]
[Result "1-0"]
[WhiteElo "2131"]
[BlackElo "2153"]
[PlyCount "87"]
[EventDate "2019.09.13"]
[EventType "team-tourn"]
[EventRounds "11"]
[EventCountry "SRB"]
[SourceTitle "CBM 195 Extra"]
[Source "ChessBase"]
[SourceDate "2020.05.31"]
[SourceVersion "1"]
[SourceVersionDate "2020.05.31"]
[SourceQuality "1"]
[WhiteTeam "Metalac"]
[BlackTeam "Arandjelovac"]
[WhiteTeamCountry "SRB"]
[BlackTeamCountry "SRB"]

1. e4 c5 2. Nc3 Nc6 3. f4 g6 4. Nf3 Bg7 5. Bb5 Nd4 6. 0-0 Nxb5 7. Nxb5 Nf6 8. d3 0-0 9. c4 d6 10. h3 Bd7 11. Nc3 a6 12. Qe1 e6 13. e5 Ne8 14. Be3 Bc6 15. Rd1 Bxf3 16. Rxf3 Qc7 17. Ne4 b6 18. b4 dxe5 19. fxe5 Qxe5 20. bxc5 f5 21. Bf4 Qd4+ 22. Be3 Qd7 23. Nf2 b5 24. Rc1 Qc6 25. Nd1 Rd8 26. cxb5 axb5 27. Bf2 Nc7 28. Qb4 Ra8 29. Nc3 Bxc3 30. Qxc3 Rxa2 31. Qe5 Nd5 32. Bd4 Nf6 33. Re1 Ra6 34. Rfe3 Qd7 35. Bb2 Rc6 36. h4 h5 37. Qf4 Kh7 38. Rg3 Ng4 39. Rxg4 hxg4 40. h5 gxh5 41. Ra1 Qe7 42. Be5 Qxc5+ 43. Bd4 Qe7 44. Ra7 1-0

[Event "Veliko Gradiste Silver Lake op"]
[Site "Veliko Gradiste"]
[Date "2019.06.18"]
[Round "4"]
[White "Al Atarji, Sami"]
[Black "Shoshin, Kirill"]
[Result "1-0"]
[WhiteElo "2133"]
[BlackElo "1998"]
[PlyCount "77"]
[EventDate "2019.06.16"]
[EventType "swiss"]
[EventRounds "9"]
[EventCountry "SRB"]
[SourceTitle "CBM 191 Extra"]
[Source "ChessBase"]
[SourceDate "2019.09.30"]
[SourceVersion "1"]
[SourceVersionDate "2019.09.30"]
[SourceQuality "1"]

1. e4 e6 2. d4 d5 3. Nc3 Nf6 4. Bg5 dxe4 5. Nxe4 Be7 6. Bxf6 gxf6 7. Nf3 f5 8. Nc3 a6 9. Qe2 Qd6 10. 0-0-0 Nd7 11. g3 b5 12. Bg2 Bb7 13. Rhe1 0-0-0 14. d5 Nc5 15. Ne5 Rhf8 16. dxe6 Qxe6 17. Bxb7+ Nxb7 18. Rxd8+ Bxd8 19. Nd3 Qxe2 20. Rxe2 Nd6 21. Nc5 a5 22. a4 b4 23. Nd5 c6 24. Nf4 Bb6 25. Nfd3 Rd8 26. Re5 h6 27. Nb3 Rd7 28. Nxa5 f6 29. Re6 Bxa5 30. Rxf6 Kc7 31. Rxh6 Ne4 32. f3 b3 33. fxe4 fxe4 34. Rxc6+ Kxc6 35. Ne5+ Kc7 36. Nxd7 Kxd7 37. cxb3 Ke6 38. Kd1 Kf5 39. Ke2 1-0

[Event "Belgrade Trophy 18th"]
[Site "Obrenovac"]
[Date "2005.??.??"]
[Round "6"]
[White "Bantic, Mihail"]
[Black "Al Atarji, Sami"]
[Result "1-0"]
[WhiteElo "2119"]
[BlackElo "2099"]
[PlyCount "75"]
[EventDate "2005.11.22"]
[EventType "swiss"]
[EventRounds "9"]
[EventCountry "YUG"]
[SourceTitle "CBM 109 Extra"]
[Source "ChessBase"]
[SourceDate "2006.01.03"]
[SourceVersion "2"]
[SourceVersionDate "2006.01.03"]
[SourceQuality "1"]

1. d4 Nf6 2. Nf3 g6 3. Nbd2 Bg7 4. e4 d6 5. Bc4 0-0 6. 0-0 Nxe4 7. Nxe4 d5 8. Bd3 dxe4 9. Bxe4 Nd7 10. c3 c5 11. Be3 Qc7 12. dxc5 Nxc5 13. Bc2 b6 14. Qc1 Bb7 15. Nd4 e5 16. Nb3 Ne6 17. Nd2 Rfe8 18. Be4 Bxe4 19. Nxe4 f5 20. Ng5 Nxg5 21. Bxg5 f4 22. f3 h6 23. Bh4 e4 24. fxe4 Rxe4 25. Qc2 Rae8 26. Rae1 Rxe1 27. Bxe1 Kh7 28. Bf2 Qc4 29. Qd1 Qxa2 30. Qd7 Rf8 31. h4 Kh8 32. Re1 Qxb2 33. Bd4 Bxd4+ 34. Qxd4+ Kg8 35. Re7 Rf7 36. Re8+ Rf8 37. Qd5+ Kg7 38. Re7+ 1-0

[Event "Belgrade Trophy 18th"]
[Site "Obrenovac"]
[Date "2005.??.??"]
[Round "9"]
[White "Jovicic, Radosav"]
[Black "Al Atarji, Sami"]
[Result "0-1"]
[WhiteElo "2291"]
[BlackElo "2099"]
[PlyCount "124"]
[EventDate "2005.11.22"]
[EventType "swiss"]
[EventRounds "9"]
[EventCountry "YUG"]
[SourceTitle "CBM 109 Extra"]
[Source "ChessBase"]
[SourceDate "2006.01.03"]
[SourceVersion "2"]
[SourceVersionDate "2006.01.03"]
[SourceQuality "1"]

1. d4 Nf6 2. Nf3 g6 3. c4 Bg7 4. Nc3 0-0 5. Bg5 d6 6. e3 Nc6 7. d5 Nb8 8. e4 Bg4 9. Be2 Nbd7 10. 0-0 a5 11. Qc2 c6 12. Rfe1 Qc7 13. Rac1 Rfc8 14. Qb1 a4 15. h3 Bxf3 16. Bxf3 Qa5 17. Be2 e6 18. dxc6 bxc6 19. Bd2 Rcb8 20. Qc2 Qc7 21. Red1 e5 22. Rb1 Nc5 23. Be3 Nfd7 24. Bg4 Rb4 25. a3 Rxc4 26. Be2 Rd4 27. Bxd4 exd4 28. Na2 Re8 29. Nb4 Qb6 30. g3 h5 31. Kg2 h4 32. g4 Nb8 33. f3 Ne6 34. Kh1 Ng5 35. Kg2 d5 36. e5 Bxe5 37. Bf1 Bg3 38. Rbc1 Re3 39. Rd3 Ne6 40. Rxe3 dxe3 41. Kh1 Nf4 42. Nd3 e2 43. Bxe2 Qe3 44. Nxf4 Bxf4 45. Rf1 c5 46. Bb5 Bd6 47. Qf2 Qb3 48. Qe2 c4 49. Be8 Na6 50. Bc6 Nc7 51. Qd2 Be5 52. Bxd5 Nxd5 53. Qxd5 Qxb2 54. f4 Bxf4 55. Qg2 Qxg2+ 56. Kxg2 Bd2 57. Rb1 Kg7 58. Rb6 Kh6 59. Kf3 Kg5 60. Rc6 c3 61. Rc5+ f5 62. gxf5 gxf5 0-1